Obálka
Pro půjčování e-knih musíte být přihlášeni.
Jak si půjčit online?

Čertovská pohádka /

Jakpak to asi vypadá v pekle, když čerti špatně topí a špatně vaří a provinilcům jako je pyšná princezna a rychtář, ale i samotnému Luciferovi, je zima a všichni mají hlad? Za trest pošle Lucifer čerty Marbulína a Bertulínka se zvláštním posláním do světa mezi lidi - musí se od nich pořádně naučit v...

Celý popis

Uloženo v:
Hlavní autor: Nečas, Jaroslav (Autor)
Další autoři: Sobota, Luděk (Autor), Filipovský, František (Vypravěč-komentátor), Moučka, Jaroslav (Vypravěč-komentátor), Švehlová, Jarmila (Vypravěč-komentátor), Kepka, Jaroslav (Vypravěč-komentátor)
Médium: E-audiokniha
Vydáno: Praha : Supraphon a.s., 2013
Tagy:
Žádné tagy
LEADER 01987nim a22003017i 4500
001 313309
007 sr nunnnnnnned
024 |a 099925953225 
044 |a xr 
100 1 |a  Nečas, Jaroslav  |4 aut 
245 1 0 |a Čertovská pohádka /  |c  Nečas, Jaroslav 
264 1 |a Praha :  |b Supraphon a.s.,  |c 2013 
300 |a 1 online zdroj (1 hod., 11 min., 44 sek.) 
336 |a mluvené slovo  |b spw  |2 rdacontent 
337 |a audio  |b s  |2 rdamedia 
338 |a online zdroj  |b cr  |2 rdacarrier 
505 0 0 |t Certovska pohadka - 1. cast (37 min., 50 sek.) 
505 0 0 |t Certovska pohadka - 2. cast (33 min., 50 sek.) 
520 2 |a Jakpak to asi vypadá v pekle, když čerti špatně topí a špatně vaří a provinilcům jako je pyšná princezna a rychtář, ale i samotnému Luciferovi, je zima a všichni mají hlad? Za trest pošle Lucifer čerty Marbulína a Bertulínka se zvláštním posláním do světa mezi lidi - musí se od nich pořádně naučit vařit nebo musí přivést skutečného kuchaře, který by vařil za ně... Jak se čertům ve světě dařilo a jak si s úkolem poradili, se dozvíte ve veselé pohádce autorů Jana Kramaříka a Jaroslava Nečase. V dramatizaci účinkují František Filipovský (čert Lucifer), Jarmila Švehlová (pyšná princezna), Jaroslav Moučka (starý čert Marbulín), Jaroslav Kepka (čertík Bertulínek), Luděk Sobota (holič), Ladislav Tojan (rychtář) a mnoho dalších skvělých herců. 
700 1 |a  Sobota, Luděk  |4 nrt 
700 1 |a  Filipovský, František  |4 nrt 
700 1 |a  Moučka, Jaroslav  |4 nrt 
700 1 |a  Švehlová, Jarmila  |4 nrt 
700 1 |a  Kepka, Jaroslav  |4 nrt 
910 |a RBIT002 
998 |d 402769  |a https://core.palmknihy.cz/api/books/402769/cover?sbu2g2  |b https://core.palmknihy.cz/api/books/402769/cover/400?sbu2g2  |c https://core.palmknihy.cz/api/books/402769/cover/50?sbu2g2  |e 2099-01-01  |i 099925953225  |l 4304  |q 49  |r 1  |s https://www.palmknihy.cz/kniha/402769  |t audiobook  |y 2013  |z 1 
999 |d 313307